إملا لى كاس يا وطن : (رقم التسجيلة. 142540)

تفاصيل مارك
000 -LEADER
fixed length control field 00861cam a2200253 a 4500
003 - CONTROL NUMBER IDENTIFIER
control field EG-GiCUC
008 - FIXED-LENGTH DATA ELEMENTS--GENERAL INFORMATION
fixed length control field 160217s1992 ku g 000 0 ara d
017 ## - COPYRIGHT OR LEGAL DEPOSIT NUMBER
Copyright or legal deposit number 1992/ 9159
Assigning agency كويت . دار الكتب
020 ## - INTERNATIONAL STANDARD BOOK NUMBER
International Standard Book Number 9775344336
040 ## - CATALOGING SOURCE
Original cataloging agency EG-GiCUC
Language of cataloging ara
Transcribing agency EG-GiCUC
092 04 - LOCALLY ASSIGNED DEWEY CALL NUMBER (OCLC)
Classification number 811.9
Item number S169
Edition number 21
099 ## - LOCAL FREE-TEXT CALL NUMBER (OCLC)
Classification number 04
-- 811.9 S169
100 1# - MAIN ENTRY--PERSONAL NAME
Personal name سلوم : شفيق
245 10 - TITLE STATEMENT
Title إملا لى كاس يا وطن :
Remainder of title شعر /
Statement of responsibility, etc. شفيق سلوم
260 ## - PUBLICATION, DISTRIBUTION, ETC.
Place of publication, distribution, etc. الكويت :
Name of publisher, distributor, etc. دار سماد الصباح :
Date of publication, distribution, etc. 1992
300 ## - PHYSICAL DESCRIPTION
Extent 153 ص ؛
Dimensions 22سم
600 10 - SUBJECT ADDED ENTRY--PERSONAL NAME
Personal name سلوم : شفيق
650 #7 - SUBJECT ADDED ENTRY--TOPICAL TERM
Topical term or geographic name entry element الشعر العربى
Chronological subdivision العصر الحديث
Source of heading or term qrmak
902 ## - LOCAL DATA ELEMENT B, LDB (RLIN)
No. of Items 1
905 ## - LOCAL DATA ELEMENT E, LDE (RLIN)
Cataloger جيهان شعراوى
Reviser مدخل
905 ## - LOCAL DATA ELEMENT E, LDE (RLIN)
Cataloger جيهان
Reviser مراجع
942 ## - ADDED ENTRY ELEMENTS (KOHA)
Source of classification or shelving scheme Dewey Decimal Classification
Koha item type Books
المقتنيات
Source of classification or shelving scheme Not for loan Home library Current library Date acquired Full call number Barcode Date last seen Copy number Koha item type
Dewey Decimal Classification   المكتبة المركزبة الجديدة - جامعة القاهرة قاعة المكتبات المهداة - الدور الرابع 11.02.2024 811.9 S169 J.B. 01000100147699000 23.06.2024 C.1 Books
Cairo University Libraries Portal Implemented & Customized by: Eng. M. Mohamady Contacts: new-lib@cl.cu.edu.eg | cnul@cl.cu.edu.eg
CUCL logo CNUL logo
© All rights reserved — Cairo University Libraries
CUCL logo
Implemented & Customized by: Eng. M. Mohamady Contact: new-lib@cl.cu.edu.eg © All rights reserved — New Central Library
CNUL logo
Implemented & Customized by: Eng. M. Mohamady Contact: cnul@cl.cu.edu.eg © All rights reserved — Cairo National University Library